01299pam a2200337 a 4500001000700000003000400007005001700011008004100028010001700069020001500086040001800101043001200119050002300131082002300154100002300177245008400200260012600284300003500410440004700445500002000492504003000512650005100542650005800593650002800651650006000679700002300739906004500762942001500807999001700822952012200839497846OSt20160810114228.0850627s1986 maua b 001 0 eng  a 85014828  a0898382017 aDLCcDLCdDLC an-us-pa00aLB1028b.C592 198600a370/.7/80748862191 aCooley, William W.10aDecision-oriented educational research /cWilliam W. Cooley, William E. Bickel. aBoston :bKluwer-Nijhoff Pub. ;aHingham, MA :bDistributors for the U.S. and Canada, Kluwer Academic Publishers,cc1986. axiii, 297 p. :bill. ;c24 cm. 0aEvaluation in education and human services aIncludes index. aBibliography: p. 279-287. 0aEducationxResearchzPennsylvaniazPittsburgh. 0aEducational accountabilityzPennsylvaniazPittsburgh. 0aEducational statistics. 0aPublic schoolszPennsylvaniazPittsburghxCase studies.1 aBickel, William E. a7bcbccorignewd1eocipf19gy-gencatlg 2lcccBOOKS c13259d13259 00102lcc4070aMUCbMUCcGENd2016-08-10eDonation(BFA)l0oLB 1028.C592 1986p24526r2016-08-10w2016-08-10yBOOKS